|
|
|
|
| LEADER |
01268nam a22003135i 4500 |
| 001 |
34496 |
| 003 |
BD-DhAAL |
| 005 |
20211118130522.0 |
| 008 |
190404t2014 maua b 001 0 eng |
| 999 |
|
|
|c 40629
|d 40629
|
| 010 |
|
|
|a 2014932484
|
| 020 |
|
|
|a 9781612507040 (pbk.)
|
| 020 |
|
|
|a 9781612507057 (library)
|
| 040 |
|
|
|a DLC
|b eng
|c DLC
|e rda
|d BD-DhAAL
|
| 042 |
|
|
|a pcc
|
| 082 |
|
|
|2 23
|a 371.62
|
| 100 |
1 |
|
|a Nair, Prakash.
|9 31078
|
| 245 |
1 |
0 |
|a Blueprint for tomorrow :
|b redesigning schools for student-centered learning /
|c Prakash Nair.
|
| 260 |
|
|
|a Cambridge, MA :
|b Harvard Education Press,
|c c2014
|
| 300 |
|
|
|a vi, 206 pages :
|b illustrations ;
|c 23 cm.
|
| 504 |
|
|
|a Includes bibliographical references and index
|
| 526 |
|
|
|a ARC
|
| 541 |
|
|
|a Development Book Agency
|e 34496
|
| 650 |
|
|
|a School buildings
|x Design and construction.
|9 31079
|
| 650 |
|
|
|a School facilities
|x Design and construction.
|9 31080
|
| 650 |
|
|
|a Architecture
|9 42824
|
| 852 |
|
|
|a Department of Architecture
|c General Stacks
|
| 942 |
|
|
|2 ddc
|c BK
|
| 952 |
|
|
|0 0
|1 0
|2 ddc
|4 0
|6 371_620000000000000_NAI
|7 0
|9 65357
|a BRACUL
|b BRACUL
|c GEN
|d 2019-04-03
|e Development Book Agency
|g 4385.00
|l 0
|o 371.62 NAI
|p 3010034496
|r 2019-04-03
|t 1
|v 4385.00
|w 2019-04-03
|y BK
|x Transferred from ARC to BRACUL on 28/12/2023
|